Ordenanza provincial de prevención contra el fuego : Aprobada por el Pleno de la Corporación Provincial en 31 de mayo de 1974 / Diputación Provincial de Barcelona Aprobada por el Pleno de la Corporación Provincial en 31 de mayo de 1974 / Diputación Provincial de Barcelona
Descripción Física:
120p. : il. ; 16'5 cm
MARC
| LEADER | 00000nam a2200000Ia 4500 | ||
|---|---|---|---|
| 001 | 6283 | ||
| 008 | 160829s9999 xx 000 0 cat d | ||
| 080 | |a C-2-88 | ||
| 110 | 1 | |a Barcelona (Catalunya : Província). |b Diputació |9 52408 | |
| 245 | |a Ordenanza provincial de prevención contra el fuego : |b Aprobada por el Pleno de la Corporación Provincial en 31 de mayo de 1974 / Diputación Provincial de Barcelona | ||
| 260 | |a Barcelona : |b (Imp. Casa Caritat), dl 1976 | ||
| 300 | |a 120p. : |b il. ; |c 16'5 cm | ||
| 650 | |a Incendis |x Prevenció |x Barcelona (Província) |9 42932 | ||
| 901 | |a Arxiu | ||
| 942 | |n 1 | ||
| 952 | |0 0 |1 0 |4 0 |6 C288 |7 1 |9 47388 |a Arxiu |b Arxiu |d 2016-12-01 |l 0 |o C-2-88 |p 6283 |r 2016-12-01 00:00:00 |w 2016-12-01 |y ARXIU | ||
| 999 | |c 51186 |d 51186 | ||